Numbers in the Bible - Statistics

General Stats
  • This quiz has been taken 425 times
  • The average score is 11 of 14
Answer Stats
Number ... Number % Correct
... of Apostles of Jesus 12
99%
... of Commandments 10
97%
... of people living in the Garden of Eden 2
96%
... of days in which God created the world 6
96%
... of Gods you should serve 1
95%
... of days and nights Jesus spent in the Judaean desert 40
93%
... of gospels 4
92%
... of God's Sabbath in a week 7
92%
... of persons God appears as 3
90%
... of the beast 666
73%
... of times Jesus showed himself alive after his resurrection 8
67%
... of years Methuselah, the oldest person in the Bible, lived 969
55%
... of Philistines killed by Samson 1000
42%
... of times you should forgive 490
42%
No matching quizzes found
Score Distribution
Percent of People with Each Score
Percentile by Number Answered
Your Score History
You have not taken this quiz